Course module for technology for teaching and learning 1 (Record no. 366289)
[ view plain ]
| 000 -LEADER | |
|---|---|
| fixed length control field | 00636nam a22001937a 4500 |
| 003 - CONTROL NUMBER IDENTIFIER | |
| control field | 0 |
| 005 - DATE AND TIME OF LATEST TRANSACTION | |
| control field | 20240920140419.0 |
| 008 - FIXED-LENGTH DATA ELEMENTS--GENERAL INFORMATION | |
| fixed length control field | 240920b xxu||||| |||| 00| 0 eng d |
| 020 ## - INTERNATIONAL STANDARD BOOK NUMBER | |
| International Standard Book Number | 978-621-04-2471-3 |
| 050 ## - LIBRARY OF CONGRESS CALL NUMBER | |
| Classification number | LB 1028.3 |
| Item number | .C68 2021 |
| 245 ## - TITLE STATEMENT | |
| Title | Course module for technology for teaching and learning 1 |
| 260 ## - PUBLICATION, DISTRIBUTION, ETC. (IMPRINT) | |
| Place of publication, distribution, etc | Quezon City |
| Name of publisher, distributor, etc | Rex bookstore |
| Date of publication, distribution, etc | C2021 |
| 300 ## - PHYSICAL DESCRIPTION | |
| Extent | v, 163p. |
| Other physical details | ill. : |
| Dimensions | 26cm. |
| 500 ## - GENERAL NOTE | |
| General note | Educational technology--Philippines. |
| 500 ## - GENERAL NOTE | |
| General note | Teaching--Philippines--aids & devices. |
| 500 ## - GENERAL NOTE | |
| General note | Education--effect of technological innovations on --Philippines. |
| 650 ## - SUBJECT ADDED ENTRY--TOPICAL TERM | |
| Topical term or geographic name as entry element | Inludes references. |
| 942 ## - ADDED ENTRY ELEMENTS (KOHA) | |
| Source of classification or shelving scheme | Library of Congress Classification |
| Koha item type | Books |
| Withdrawn status | Lost status | Source of classification or shelving scheme | Damaged status | Home library | Current library | Shelving location | Date acquired | Source of acquisition | Total Checkouts | Full call number | Barcode | Date last seen | Price effective from | Koha item type | Total Renewals | Date checked out |
|---|---|---|---|---|---|---|---|---|---|---|---|---|---|---|---|---|
| Library of Congress Classification | College Library | College Library | Filipiniana Section | 09/20/2024 | Library Fund | LB 1028.3 .C68 2021 | C23724 | 09/20/2024 | 09/20/2024 | Books | ||||||
| Library of Congress Classification | College Library | College Library | Filipiniana Section | 09/20/2024 | Library Fund | 1 | LB 1028.3 .C68 2021 | C23725 | 05/21/2025 | 09/20/2024 | Books | 5 | 03/12/2025 |